Cálculo integral y series

Saved in:
Bibliographic Details
Main Author: Aguayo, José (Author)
Format: Book
Language:Spanish
Published: Santiago J. C. Sáez 2012
Series:Herramientas para la Formación de Profesores de Matemáticas, 11
Subjects:
Tags: Add Tag
No Tags, Be the first to tag this record!

MARC

LEADER 00000cam a2200000 a 4500
001 UCF3975
003 CL-VaPUC
008 121115e20120200CL |||||||||||||||||spa|d
020 |a 9789563060676 
082 0 4 |a 515.45  |b AGU  |2 21 
100 0 |a Aguayo, José  |e author  |9 565618 
245 1 0 |a Cálculo integral y series 
300 |a 179 p 
942 |c BK 
945 |d 20121115 00:00:00  |a dcastane 
260 |a Santiago  |b J. C. Sáez  |c 2012 
650 0 |a Cálculo integral  |9 260103 
650 7 |a TEORIA DE LA INTEGRACION  |2 CL-VaPUC  |9 424876 
583 |a last modification  |c 20121115 10:00:00  |k Rodrigo Vera 
490 0 |a Herramientas para la Formación de Profesores de Matemáticas, 11 
999 |c 349993  |d 349991 
952 |0 0  |1 0  |4 0  |6 515_450000000000000_AGU_2012  |7 0  |8 A  |9 452919  |a BIBMAT  |b BIBMAT  |c E_DIDACT  |d 2019-11-22  |i 4922824  |l 2  |o 515.45 AGU 2012  |p 4922824  |r 2025-01-07  |s 2020-03-18  |w 2019-11-22  |y BK  |k MAT 
952 |0 0  |1 0  |4 0  |6 515_450000000000000_AGU_2012  |7 0  |8 A  |9 452920  |a BIBMAT  |b BIBMAT  |c E_DIDACT  |d 2019-11-22  |i 4922832  |o 515.45 AGU 2012  |p 4922832  |r 2025-01-07  |w 2019-11-22  |y BK  |k MAT